书目信息 |
| 题名: |
世界是平的
|
|
| 作者: | 弗里德曼 著 ;何帆 , 肖莹莹 , 郝正非 译 | |
| 分册: | ||
| 出版信息: | 长沙 湖南科学技术出版社 2008.07 |
|
| 页数: | 515页 | |
| 开本: | 23cm | |
| 丛书名: | ||
| 单 册: | ||
| 中图分类: | F114.41 | |
| 科图分类: | ||
| 主题词: | 国际经济关系--经济一体化--研究 , 国际经济关系 , 经济一体化 | |
| 电子资源: | ||
| ISBN: | 978-7-5357-5366-3 | |
| 000 | 01200nam0 2200325 450 | |
| 001 | 003907377 | |
| 005 | 20130609082657.62 | |
| 010 | @a978-7-5357-5366-3@dCNY58.00@z7-5357-5366-3 | |
| 035 | @a003907377 | |
| 100 | @a20081231d2008 em y0chiy0110 ea | |
| 101 | 1 | @achi@ceng |
| 102 | @aCN@b430000 | |
| 105 | @ay z 000yy | |
| 106 | @ar | |
| 200 | 1 | @a世界是平的@9shi jie shi ping de@e21世纪简史@e内容升级和扩充版@f(美)托马斯·弗里德曼(Thomas L. Friedman)著@g何帆,肖莹莹,郝正非译 |
| 205 | @a2版 | |
| 210 | @a长沙@c湖南科学技术出版社@d2008.07 | |
| 215 | @a515页@d23cm | |
| 330 | @a本书作者描述了当代世界发生的重大变化。展示了“全球化正在滑入扭曲飞行的原因和方式”,揭开这个世界的神秘面纱,深入浅出地讲述复杂的外交政策和经济问题。 | |
| 510 | 1 | @aWorld is flat@ea brief history of the twenty-first century@zeng |
| 606 | 0 | @a国际经济关系@x经济一体化@x研究 |
| 606 | 0 | @a国际经济关系 |
| 606 | 0 | @a经济一体化 |
| 690 | @aF114.41@v4 | |
| 701 | 0 | @c(美)@a弗里德曼@9fu li de man@c(Friedman, Thomas L.)@4著 |
| 702 | 0 | @a何帆@9he fan@f(1971~)@4译 |
| 702 | 0 | @a肖莹莹@9xiao ying ying@4译 |
| 702 | 0 | @a郝正非@9hao zheng fei@4译 |
| 801 | 0 | @aCN@bNLC@c20081231 |
| 905 | @dF114.41@e154=2 | |
| 世界是平的:21世纪简史:内容升级和扩充版/(美)托马斯·弗里德曼(Thomas L. Friedman)著/何帆,肖莹莹,郝正非译.-2版.-长沙:湖南科学技术出版社,2008.07 |
| 515页;23cm |
| ISBN 978-7-5357-5366-3:CNY58.00 |
| 本书作者描述了当代世界发生的重大变化。展示了“全球化正在滑入扭曲飞行的原因和方式”,揭开这个世界的神秘面纱,深入浅出地讲述复杂的外交政策和经济问题。 |
| ● |
| 相关链接 |
|
|
|
|
正题名:世界是平的
索取号:F114.41/154=2
 
预约/预借
| 序号 | 登录号 | 条形码 | 馆藏地/架位号 | 状态 | 备注 |
| 1 | 0544230 | 205442305 | 第一样本阅览室/ [索取号:F114.41/154=2] | 在馆 | |
| 2 | 0544231 | 205442314 | 第一借阅区/ [索取号:F114.41/154=2] | 在馆 | |
| 3 | 0544232 | 205442323 | 第一借阅区/ [索取号:F114.41/154=2] | 在馆 | |
| 4 | 0544233 | 205442332 | 第一借阅区/ [索取号:F114.41/154=2] | 在馆 | |
| 5 | 0544234 | 205442341 | 第一借阅区/ [索取号:F114.41/154=2] | 在馆 |